000 00422cam a2200181ua 4500
020 _c29.00
041 _aeng
_h
082 _a541.3
_bKHO/PH
100 _aKhosla, B D .
245 _aPhysical chemistry /
_cB D Ghosla.
_hTextual Documents
250 _a6 /
_b.
260 _a :
_bRamchand and company ,
_c1972.
300 _a615 ; .
365 _a29.00
504 _a
942 _cBK
999 _c10317
_d10317